|
|
|
|
| LEADER |
00000cam a22000004a 4500 |
| 001 |
musev2_8378 |
| 003 |
MdBmJHUP |
| 005 |
20230905040940.0 |
| 006 |
m o d |
| 007 |
cr||||||||nn|n |
| 008 |
070530s2007 txu o 00 0 eng d |
| 010 |
|
|
|z 2007022393
|
| 020 |
|
|
|a 9781602580862
|
| 020 |
|
|
|z 9781602583436
|
| 020 |
|
|
|z 9781932792959
|
| 020 |
|
|
|z 9781481301411
|
| 035 |
|
|
|a (OCoLC)170923209
|
| 040 |
|
|
|a MdBmJHUP
|c MdBmJHUP
|
| 050 |
0 |
4 |
|a PR3001
|b .C67 2007
|
| 082 |
0 |
|
|a 822.3/3
|2 22
|
| 100 |
1 |
|
|a Cox, John D.,
|d 1945-
|
| 245 |
1 |
0 |
|a Seeming Knowledge :
|b Shakespeare and Skeptical Faith /
|c John D. Cox.
|
| 264 |
|
1 |
|a Waco, Tex. :
|b Baylor University Press,
|c 2007.
|
| 264 |
|
3 |
|a Baltimore, Md. :
|b Project MUSE,
|c 2012
|
| 264 |
|
4 |
|c ©2007.
|
| 300 |
|
|
|a 1 online resource (365 pages).
|
| 336 |
|
|
|a text
|b txt
|2 rdacontent
|
| 337 |
|
|
|a computer
|b c
|2 rdamedia
|
| 338 |
|
|
|a online resource
|b cr
|2 rdacarrier
|
| 504 |
|
|
|a Includes bibliographical references (p. 317-332) and index.
|
| 505 |
0 |
|
|a Skepticism and suspicion in sixteenth-century England -- Comic faith -- Tragic grace -- History and guilt -- Politics -- Ethics -- Esthetics, epistemology, ontology -- Shakespeare and the French epistemologists.
|
| 588 |
|
|
|a Description based on print version record.
|
| 600 |
1 |
0 |
|a Shakespeare, William,
|d 1564-1616
|x Religion.
|
| 600 |
1 |
0 |
|a Shakespeare, William,
|d 1564-1616
|x Philosophy.
|
| 650 |
|
0 |
|a Knowledge, Theory of, in literature.
|
| 650 |
|
0 |
|a Skepticism in literature.
|
| 655 |
|
7 |
|a Electronic books.
|2 local
|
| 710 |
2 |
|
|a Project Muse.
|e distributor
|
| 830 |
|
0 |
|a Book collections on Project MUSE.
|
| 856 |
4 |
0 |
|z Texto completo
|u https://projectmuse.uam.elogim.com/book/8378/
|
| 945 |
|
|
|a Project MUSE - Custom Collection
|
| 945 |
|
|
|a Project MUSE - Archive Complete Foundation
|
| 945 |
|
|
|a Project MUSE - Archive Literature Foundation
|